000 00526nam a2200181Ia 4500
999 _c30235
_d30235
003 OSt
005 20201127102748.0
008 190216s9999||||xx |||||||||||||| ||und||
020 _a9789384795023
040 _coclc
082 _a894.8123
_bLEE/P
100 _aLeelakumari, M
_96956
245 0 _aParamparyavum Parivarthanavum /
_cM Leelakumari
260 _bMaluben Publications,
_c2015.
_aTrivandrum:
300 _a110p
650 _aMalayalam
942 _cBK
_2ddc
_h894.8123
_iLEE/P
_k894.8123
_mLEE/P